000 01915cam a2200397 a 4500
001 17676216
005 20150126093703.0
008 130325s2014 stk b 001 0 eng
010 _a 2013011997
020 _a9780702051814
020 _a9780702054792 (ebook)
035 _a(DNLM)101604742
040 _aDNLM/DLC
_cDLC
042 _apcc
050 0 0 _aR 895
_b.G825 2014
060 1 0 _aWN 180
082 0 0 _a616.07/57
245 0 0 _aChapman and Nakielny's guide to radiological procedures /
_cedited by Nick Watson.
246 1 _aGuide to radiological procedures
250 _a6th ed. /
_bedited by Nick Watson.
260 _aEdinburgh :
_bSaunders,
_c2014.
300 _axiii, 414 pages :
_c21 cm.
500 _aRev. ed. of: Chapman & Nakielny a guide to radiological procedures / edited by Frances Aitchison. 5th ed. 2009.
504 _aIncludes bibliographical references and index.
505 0 _aIntravascular contrast media -- Gastrointestinal tract -- Liver, biliary tract, and pancreas -- Urinary tract -- Reproductive system -- Respiratory system -- Heart -- Arterial system -- Venous system -- Lymph glands, lymphatics, and tumours -- Bones and joints -- Brain -- Spine -- Lacrimal system and salivary glands -- Thyroid and parathyroids -- Breast -- Sedation and monitoring -- Medical emergencies -- Patient consent.
521 _aRAD
650 1 2 _aRadiography.
650 2 2 _aTechnology, Radiologic.
700 1 _aWatson, Nick
_q(Nicholas A.)
700 1 _aChapman, Stephen,
_d1953-
730 0 _aChapman & Nakielny a guide to radiological procedures.
776 0 8 _iOnline version:
_tChapman and Nakielny's guide to radiological procedures.
_b6th ed. / edited by Nick Watson.
_dEdinburgh : Saunders, 2014
_z9780702054792
_w(DLC) 2013012984
906 _a7
_bcbc
_corignew
_d1
_eecip
_f20
_gy-gencatlg
942 _2lcc
_cBK
_kFOR
999 _c277385
_d277385